| 000 | 00628nam a2200193 a 4500 | ||
|---|---|---|---|
| 001 | 1765 | ||
| 003 | CDMR | ||
| 005 | 20130416200014.0 | ||
| 008 | 130130s1998||||||||||||||||||||||||||||d | ||
| 040 |
_aCDMR _bcat _cCPC GIRONA |
||
| 100 | 1 |
_aFinestres, Jordi _91322 |
|
| 245 | 1 | 0 |
_aJosep Maria Planes (1907-1936) _cJordi Finestres _b: memòria d'un periodista assassinat |
| 260 |
_bCol.legi de Periodistes de Catalunya _aBarcelona |
||
| 260 |
_c1998 _bDiputació de Barcelona |
||
| 490 | 0 |
_aVaixells de Paper _v25 |
|
| 600 | 1 |
_9894 _aPlanes, Josep Maria _d1907-1936 |
|
| 650 | 0 | 4 |
_93139 _aPeriodistes catalans _vBiografia |
| 942 |
_cMON _2udc |
||
| 999 |
_c1765 _d1765 |
||